000
00324nam a2200133Ia 4500
008
231129s1974||||xx |||||||||||||| ||spa||
040
_b
spa
082
_a
920 V392m
100
_a
Vawell Richard
245
0
_a
Memorias de un oficial de la legion britanica
260
_c
1974
264
_a
Banco Popular
942
_2
ddc
_c
BKS
999
_c
20954
_d
20954